000 01512nam a22002417a 4500
003 Uzh_bibl
008 260430b |||||||| |||| 00| 0 ukr d
020 _a966-9865-56-8
_c30.00
040 _bукр.
041 _2ukr
_aukr
080 _a94(477)
090 _a94(477)
_bЛ 19
100 _aЛактіонов-Стезенко
245 _aСмак трави.Або приклад швидкої побудови соціалізму в окремо взятій країні
_hТекст
260 _aКиїв
_bДніпро
_c2003
300 _a384 с.
_fВ опр.
520 _a«Смак трави, або приклад швидкої побудови соціалізму в окремо взятій країні» — документальна книга українського режисера, письменника та громадського діяча Миколи Полікарповича Лактіонова-Стезенка, присвячена Голодомору 1932–1933 років в Україні. Книга є звинувачувальним актом проти тоталітарного режиму, який базується на страшних спогадах людей, що пережили штучний голод.
521 _aДля широкого кола читачів
546 _aукр.
650 _aХудожньо-публіцистичне видання
653 _aГолодомор
_aГолод
942 _2udc
_cBK
999 _c17584
_d17584